00454nmm a2200133Ia 4500008004100000020001800041041001300059100002900072245006300101264006500164300001700229650002300246856005100269251105s9999||||xx |||||||||||||||||und|| a9781558857018 aspaaeng aGonzales Bertrand, Diane 0aSofía and the purple dress = Sofía y el vestido morado a[Washington, Estados Unidos] :bArte Público Press, c2012 a32 páginas aAges 6-8 Years Old uhttps://public.digitaliapublishing.com/a/23190